000 00558nam a2200193Ia 4500
005 20250923145240.0
008 008 250917s9999 xx 000 0 eng d
037 _aReference
040 _aDSWL
_beng
_cDSWL
041 _aeng
_2eng
084 _qDSWL
245 0 _aMonograph Series Pt V.B(IV) vannan A Secheduled caste of Madras
_cby Census of India 1961
260 _aNew Delhi
_b Registrar General Ministry of Home Affairs
_c1970
300 _a283p.
365 _aINR
_b1.50
925 _g1.50
942 _cREF
999 _c1448958
_d1448958